| 000 | 01395cam a2200301 a 4500 | ||
|---|---|---|---|
| 999 |
_c329355 _d329355 |
||
| 001 | 14735083 | ||
| 003 | Nust | ||
| 005 | 20170503164159.0 | ||
| 008 | 070215s2009 maua b 001 0 eng | ||
| 010 | _a 2007006805 | ||
| 020 | _a9780763750206 | ||
| 020 | _a0763750204 | ||
| 035 | _a(OCoLC)ocm87525440 | ||
| 035 | _a(OCoLC)87525440 | ||
| 040 |
_aDLC _cDLC _dBAKER _dBTCTA _dYDXCP _dC#P _dDLC |
||
| 050 | 0 | 0 |
_aQA184.2 _b.C54 2009 |
| 082 | 0 | 0 |
_a512.5 GHE _222 |
| 100 | 1 |
_aCheney, E. W. _q(Elliott Ward), _d1929- |
|
| 245 | 1 | 0 |
_aLinear algebra : _btheory and applications / _cWard Cheney and David Kincaid. |
| 260 |
_aSudbury, Mass. : _bJones and Bartlett Publishers, _cc2009. |
||
| 300 |
_axvii, 740 p. : _bill. ; _c24 cm. |
||
| 500 | _aH.B | ||
| 504 | _aIncludes bibliographical references (p. 726-728) and index. | ||
| 505 | 0 | _aSystems of linear equations -- Vector spaces -- Matrix operations -- Determinants -- Vector subspaces -- Eigensystems -- Inner-product vector spaces -- Additional topics. | |
| 650 | 0 | _aAlgebras, Linear. | |
| 700 | 1 |
_aKincaid, David _q(David Ronald) |
|
| 856 | 4 | 1 |
_3Table of contents only _uhttp://www.loc.gov/catdir/toc/ecip0711/2007006805.html |
| 906 |
_a7 _bcbc _corignew _d1 _eecip _f20 _gy-gencatlg |
||
| 942 |
_2ddc _cBK _k512.5 GHE |
||